[Event "Titled Tuesday intern op 14th Nov Early"]
[Site "Chess.com INT"]
[Date "2023.11.14"]
[Round "10"]
[White "Akkarakaran, John Veny"]
[Black "Cherniaiev, Tykhon"]
[Result "0-1"]
[WhiteElo "2112"]
[BlackElo "2278"]
[PlyCount "102"]
[EventDate "2023.11.14"]
[EventType "swiss (blitz)"]
[EventRounds "11"]
[EventCountry "USA"]
[SourceTitle "CB47_2023"]
[SourceDate "2023.11.22"]
[SourceVersion "1"]
[SourceVersionDate "2023.11.22"]
[SourceQuality "1"]

1. e4 e5 2. Nf3 Nc6 3. Bb5 a6 4. Ba4 Nge7 5. 0-0 Ng6 6. c3 d5 7. Re1 Be7 8. exd5 Qxd5 9. d4 Bg4 10. Bb3 Bxf3 11. Bxd5 Bxd1 12. Rxd1 exd4 13. cxd4 0-0-0 14. Bxc6 bxc6 15. Be3 f5 16. f3 c5 17. Nc3 cxd4 18. Rxd4 Bf6 19. Rc4 Ne5 20. Rc5 Nd3 21. Rxf5 Nxb2 22. Nd5 Nc4 23. Rc1 Nxe3 24. Nxe3 Bd4 25. Kf2 Rhe8 26. Re1 Bb6 27. Rf4 Rd2+ 28. Kg3 Rxe3 29. Rc1 Ree2 30. Kg4 Rxg2+ 31. Kf5 Rd5+ 32. Ke6 Rd6+ 33. Ke7 Re2+ 34. Kf7 Rd7+ 35. Kf8 Be3 36. Re4 Bxc1 37. Rxe2 g5 38. Re4 h5 39. h4 Kb7 40. Rc4 Bf4 41. Rb4+ Kc6 42. Re4 Rd3 43. Kf7 Rxf3 44. Kg6 gxh4 45. Kxh5 h3 46. Kg4 h2 47. Re1 Rg3+ 48. Kxf4 Rg1 49. Re6+ Kd7 50. Rh6 h1Q 51. Rxh1 Rxh1 0-1

[Event "Titled Tuesday intern op 14th Nov Early"]
[Site "Chess.com INT"]
[Date "2023.11.14"]
[Round "7"]
[White "Cherniaiev, Tykhon"]
[Black "Skvortsov, Andrei"]
[Result "1-0"]
[WhiteElo "2278"]
[BlackElo "2294"]
[PlyCount "101"]
[EventDate "2023.11.14"]
[EventType "swiss (blitz)"]
[EventRounds "11"]
[EventCountry "USA"]
[SourceTitle "CB47_2023"]
[SourceDate "2023.11.22"]
[SourceVersion "1"]
[SourceVersionDate "2023.11.22"]
[SourceQuality "1"]

1. Nf3 d6 2. d4 g6 3. e4 Bg7 4. Bd3 Nd7 5. 0-0 e5 6. c3 h6 7. b3 c6 8. Ba3 Nf8 9. Nbd2 Ne6 10. Nc4 c5 11. dxe5 dxe5 12. Ncxe5 a6 13. b4 Qc7 14. Ng4 Nf4 15. Ne3 Ne7 16. bxc5 Bxc3 17. Nc4 Nxd3 18. Nd6+ Kf8 19. Qxd3 Bxa1 20. Rxa1 Nc6 21. Bb2 Rh7 22. h4 Be6 23. h5 gxh5 24. Bf6 Ne7 25. Qe3 b6 26. Bd4 bxc5 27. Bxc5 Kg8 28. Rd1 Bg4 29. Rc1 Ng6 30. Nd4 Qd7 31. N4f5 Qe6 32. Nxh6+ Kg7 33. Ndf5+ Bxf5 34. Nxf5+ Kg8 35. Bd4 Rd8 36. Nh6+ Kf8 37. Qa3+ Ne7 38. Nf5 Qxe4 39. Bc5 f6 40. Bxe7+ Rxe7 41. Nxe7 Qxe7 42. Qxa6 Rd6 43. Qb5 Qf7 44. Qb8+ Ke7 45. Rc7+ Rd7 46. Rxd7+ Kxd7 47. Qb7+ Ke6 48. Qxf7+ Kxf7 49. Kh2 Kg6 50. Kh3 Kg5 51. a4 1-0

[Event "Titled Tuesday intern op 26th Sep Early"]
[Site "Chess.com INT"]
[Date "2023.09.26"]
[Round "4"]
[White "Cherniaiev, Tykhon"]
[Black "Ibarra Jerez, Jose Carlos"]
[Result "1/2-1/2"]
[WhiteElo "2278"]
[BlackElo "2563"]
[PlyCount "167"]
[EventDate "2023.09.26"]
[EventType "swiss (blitz)"]
[EventRounds "11"]
[EventCountry "USA"]
[SourceTitle "EXT 2024"]
[Source "ChessBase"]
[SourceDate "2023.10.10"]
[SourceVersion "1"]
[SourceVersionDate "2023.10.10"]
[SourceQuality "1"]

1. Nf3 d6 2. d4 Nf6 3. c4 g6 4. g3 Bf5 5. Nc3 Ne4 6. Nxe4 Bxe4 7. Bg2 Bg7 8. 0-0 0-0 9. b3 c5 10. Bb2 Nc6 11. e3 d5 12. Qe2 dxc4 13. bxc4 cxd4 14. exd4 Bxf3 15. Bxf3 Nxd4 16. Bxd4 Bxd4 17. Bxb7 Rb8 18. Rab1 e6 19. Rfd1 Qf6 20. Bf3 Rfc8 21. Kg2 Kg7 22. h4 h5 23. Rxb8 Rxb8 24. Qd3 Bc5 25. Rb1 Rxb1 26. Qxb1 Qc3 27. Qe4 Qb2 28. Qe2 Qc3 29. Bc6 a5 30. a4 Kf8 31. Bb5 Ke7 32. Qf3 Qd4 33. Qb7+ Kf8 34. Qa8+ Kg7 35. Qf3 f5 36. Qf4 Qxf4 37. gxf4 Kf7 38. Kg3 Ke7 39. Bc6 Bb4 40. Bb5 Bc3 41. Bc6 Bd4 42. Bb5 Kf7 43. Bc6 Kf6 44. Bb5 Bc5 45. Bc6 Bd6 46. Bb5 Bc7 47. Bc6 e5 48. fxe5+ Kxe5 49. Be8 Kf6+ 50. Kh3 Bd6 51. f3 Bc5 52. Kg2 Bb4 53. Kh3 Bc5 54. Kg3 Kg7 55. Kh3 Bf2 56. Bd7 Kf7 57. Bc6 Ke7 58. Bb5 Be1 59. Bc6 Kf6 60. Be8 Bf2 61. Bd7 Kf7 62. Bb5 Kg7 63. Be8 Kh6 64. Bd7 Be3 65. Be8 Bc5 66. Bd7 g5 67. Bxf5 gxh4 68. Kxh4 Be7+ 69. Kg3 Kg5 70. Bh3 h4+ 71. Kg2 Kf4 72. Bd7 Bc5 73. Bc6 Be7 74. Kh3 Kf5 75. Be4+ Kf4 76. Bd5 Kf5 77. Bb7 Kf4 78. Kg2 Ke3 79. Bc6 Kf4 80. Bd7 Bc5 81. Bg4 Be7 82. Kf2 Bc5+ 83. Kg2 Be7 84. Bd7 1/2-1/2

[Event "Titled Tuesday intern op 26th Sep Early"]
[Site "Chess.com INT"]
[Date "2023.09.26"]
[Round "9"]
[White "Cherniaiev, Tykhon"]
[Black "Nagy, Gabor"]
[Result "1-0"]
[WhiteElo "2278"]
[BlackElo "2448"]
[PlyCount "111"]
[EventDate "2023.09.26"]
[EventType "swiss (blitz)"]
[EventRounds "11"]
[EventCountry "USA"]
[SourceTitle "EXT 2024"]
[Source "ChessBase"]
[SourceDate "2023.10.10"]
[SourceVersion "1"]
[SourceVersionDate "2023.10.10"]
[SourceQuality "1"]

1. Nf3 Nf6 2. d4 g6 3. c4 Bg7 4. g3 0-0 5. Bg2 b6 6. 0-0 Bb7 7. Nc3 Ne4 8. Nxe4 Bxe4 9. b3 c5 10. Bb2 Nc6 11. e3 d5 12. Qe2 cxd4 13. exd4 e6 14. Rad1 Rc8 15. Rfe1 Re8 16. cxd5 Bxd5 17. Ne5 Bxg2 18. Kxg2 Qd5+ 19. Qf3 Qxf3+ 20. Kxf3 Nb4 21. a3 Nd5 22. Rc1 Bh6 23. Rc4 f6 24. Nc6 a5 25. Na7 Rcd8 26. Nb5 Rd7 27. Rc6 Rde7 28. Nd6 Rd8 29. Nc4 b5 30. Nxa5 Kf7 31. b4 Bg7 32. Rc5 Red7 33. Nc6 Ra8 34. Rxb5 g5 35. Rc5 h5 36. h3 Bf8 37. Rcc1 Bd6 38. Re2 Rg8 39. Rce1 g4+ 40. hxg4 hxg4+ 41. Kg2 Re8 42. Rh1 Kg6 43. Rh4 f5 44. Rh1 Rc7 45. b5 f4 46. Re4 Kf5 47. Ree1 Rf7 48. Rh5+ Kg6 49. Rxd5 fxg3 50. Rxd6 Rxf2+ 51. Kxg3 Rxb2 52. Rdxe6+ Rxe6 53. Rxe6+ Kf5 54. Re5+ Kf6 55. Kxg4 Rxb5 56. Rxb5 1-0

[Event "Titled Tuesday intern op 26th Sep Early"]
[Site "Chess.com INT"]
[Date "2023.09.26"]
[Round "11"]
[White "Sameer, Loay"]
[Black "Cherniaiev, Tykhon"]
[Result "0-1"]
[WhiteElo "2209"]
[BlackElo "2278"]
[PlyCount "146"]
[EventDate "2023.09.26"]
[EventType "swiss (blitz)"]
[EventRounds "11"]
[EventCountry "USA"]
[SourceTitle "EXT 2024"]
[Source "ChessBase"]
[SourceDate "2023.10.10"]
[SourceVersion "1"]
[SourceVersionDate "2023.10.10"]
[SourceQuality "1"]

1. Nf3 Nf6 2. g3 g6 3. Bg2 Bg7 4. 0-0 0-0 5. d3 d5 6. c3 c5 7. Qa4 Nc6 8. Qh4 Qd7 9. e4 Qg4 10. Qxg4 Bxg4 11. h3 Bxf3 12. Bxf3 Ne5 13. Bg2 Nxd3 14. exd5 Rfd8 15. c4 Nd7 16. Nc3 Nb6 17. Rd1 Nxc1 18. Raxc1 Nxc4 19. Na4 b5 20. b3 bxa4 21. Rxc4 axb3 22. axb3 Rac8 23. Rdc1 Rb8 24. Rxc5 Rxb3 25. Rc8 Rxc8 26. Rxc8+ Bf8 27. Ra8 Rb1+ 28. Bf1 Rd1 29. Rxa7 Rxd5 30. Kg2 Rd2 31. Bc4 e6 32. Ra2 Rd4 33. Rc2 Kg7 34. Be2 Bd6 35. f4 h5 36. Rc4 Rd2 37. Kf3 Ra2 38. Rd4 Ra3+ 39. Rd3 Ra6 40. g4 hxg4+ 41. hxg4 Bc7 42. Rd7 Ra3+ 43. Bd3 Rc3 44. Ke4 Rc1 45. f5 exf5+ 46. gxf5 g5 47. Kf3 Kf6 48. Be4 Rc3+ 49. Kg2 Ke5 50. Ba8 f6 51. Rd5+ Kf4 52. Rb5 Rc2+ 53. Kf1 Be5 54. Rb4+ Kg3 55. Be4 Rf2+ 56. Kg1 Rf4 57. Rb3+ Kh4 58. Bc2 Bd4+ 59. Kg2 Rf2+ 60. Kh1 Rxc2 61. Rh3+ Kg4 62. Rg3+ Kf4 63. Rf3+ Ke4 64. Rf4+ Kd3 65. Rf3+ Be3 66. Rg3 Rc1+ 67. Kg2 Rg1+ 68. Kh3 Rxg3+ 69. Kxg3 Ke4 70. Kg2 Kxf5 71. Kf3 Bf4 72. Kg2 g4 73. Kf2 Kg5 0-1

[Event "Titled Tuesday intern op 26th Sep Early"]
[Site "Chess.com INT"]
[Date "2023.09.26"]
[Round "8"]
[White "Vlassov, Nikolai"]
[Black "Cherniaiev, Tykhon"]
[Result "0-1"]
[WhiteElo "2283"]
[BlackElo "2278"]
[PlyCount "92"]
[EventDate "2023.09.26"]
[EventType "swiss (blitz)"]
[EventRounds "11"]
[EventCountry "USA"]
[SourceTitle "EXT 2024"]
[Source "ChessBase"]
[SourceDate "2023.10.10"]
[SourceVersion "1"]
[SourceVersionDate "2023.10.10"]
[SourceQuality "1"]

1. e4 e5 2. Bc4 Nc6 3. f4 Nf6 4. Nc3 Bb4 5. Nf3 d6 6. 0-0 Bg4 7. d3 Nd4 8. Kh1 Bxf3 9. gxf3 Qd7 10. fxe5 dxe5 11. Bg5 c6 12. Ne2 Ne6 13. Bxf6 gxf6 14. f4 Nxf4 15. Nxf4 exf4 16. Rxf4 Be7 17. Qh5 0-0-0 18. Qxf7 Kb8 19. Qe6 Qc7 20. Raf1 Rhe8 21. Qf7 Qe5 22. c3 Rf8 23. Qxh7 Rh8 24. Qf5 Qc7 25. d4 Bd6 26. Qxf6 Bxf4 27. Qxf4 Rd6 28. e5 Rdh6 29. Rf2 a6 30. a4 Ka7 31. b4 Qh7 32. b5 Qb1+ 33. Kg2 Rg6+ 34. Kf3 Rh3+ 35. Ke2 Qc2+ 36. Qd2 Qe4+ 37. Kd1 Rg1+ 38. Bf1 Rd3 39. bxc6 Rxd2+ 40. Kxd2 Qxc6 41. Bd3 Qxa4 42. Re2 Qa2+ 43. Ke3 Qe6 44. c4 Qh6+ 45. Ke4 Rg4+ 46. Kd5 Qc6# 0-1

[Event "Titled Tuesday intern op 19th Sep Early"]
[Site "Chess.com INT"]
[Date "2023.09.19"]
[Round "3"]
[White "Cherniaiev, Tykhon"]
[Black "Fiorito, Francisco"]
[Result "1/2-1/2"]
[WhiteElo "2278"]
[BlackElo "2339"]
[PlyCount "224"]
[EventDate "2023.09.19"]
[EventType "swiss (blitz)"]
[EventRounds "11"]
[EventCountry "USA"]
[SourceTitle "EXT 2024"]
[Source "ChessBase"]
[SourceDate "2023.10.10"]
[SourceVersion "1"]
[SourceVersionDate "2023.10.10"]
[SourceQuality "1"]

1. Nf3 Nf6 2. d4 g6 3. g3 Bg7 4. Bg2 0-0 5. 0-0 d5 6. c4 c6 7. Nbd2 Bf5 8. b3 a5 9. a4 Na6 10. Ba3 Re8 11. Nh4 Bg4 12. h3 Be6 13. Rc1 Nb4 14. Bxb4 axb4 15. Re1 Qd7 16. Kh2 Red8 17. c5 Ne4 18. Bxe4 dxe4 19. e3 Bxh3 20. Nxe4 Be6 21. Ng5 h6 22. Nxe6 Qxe6 23. Rc4 Qf6 24. Qf3 Qg5 25. Rxb4 Rd7 26. Ng2 e5 27. dxe5 Bxe5 28. Rd1 Rad8 29. Rxd7 Rxd7 30. Qg4 Qe7 31. Re4 h5 32. Qe2 Qxc5 33. Nf4 Qd6 34. Qc4 Kg7 35. a5 Bf6 36. a6 bxa6 37. Qxa6 Qd2 38. Qe2 Qd6 39. Qf3 h4 40. Rc4 hxg3+ 41. Qxg3 Be5 42. Kg2 Bxf4 43. Rxf4 Qd5+ 44. Qf3 Qxb3 45. Qxc6 Qd5+ 46. Qxd5 Rxd5 47. Ra4 Rg5+ 48. Kf3 Rf5+ 49. Ke2 g5 50. f3 f6 51. e4 Rb5 52. Kf2 Kg6 53. Kg3 Rb3 54. Ra8 Rb1 55. Rg8+ Kf7 56. Rc8 Rg1+ 57. Kf2 Ra1 58. Rc7+ Ke6 59. Rc6+ Ke5 60. Rc5+ Ke6 61. Rb5 Rc1 62. Kg3 Rg1+ 63. Kh3 Kf7 64. Rb6 Re1 65. Kg4 Kg6 66. Kg3 Rg1+ 67. Kf2 Rd1 68. e5 Kf5 69. exf6 Kg6 70. Kg3 Rd4 71. Ra6 Rf4 72. Ra8 Rxf6 73. Rg8+ Kf5 74. Ra8 Re6 75. Ra5+ Re5 76. Ra4 Re1 77. Ra8 Re6 78. Ra7 Re5 79. Rf7+ Kg6 80. Rf8 Rc5 81. Rg8+ Kf5 82. Rf8+ Kg6 83. Ra8 Rc4 84. Ra6+ Kh5 85. Ra5 Rd4 86. Re5 Rf4 87. Kf2 Kg6 88. Ke3 Ra4 89. Re6+ Kf5 90. Rb6 Ra3+ 91. Kf2 Kf4 92. Rf6+ Ke5 93. Rf8 Ra1 94. Kg3 Rg1+ 95. Kh3 Ke6 96. Kh2 Ra1 97. Kg3 Rg1+ 98. Kf2 Ra1 99. Kg2 Rb1 100. Kh3 Rg1 101. Ra8 Kf5 102. Rf8+ Ke5 103. Kh2 Rb1 104. Kg2 Ra1 105. Kg3 Rg1+ 106. Kh3 Ra1 107. Kg4 Rg1+ 108. Kh5 Rg3 109. Kg6 Kd4 110. Rf5 Ke3 111. Rxg5 Rxg5+ 112. Kxg5 Kxf3 1/2-1/2

[Event "Titled Tuesday intern op 19th Sep Early"]
[Site "Chess.com INT"]
[Date "2023.09.19"]
[Round "11"]
[White "Cherniaiev, Tykhon"]
[Black "Goryachkina, Aleksandra"]
[Result "1/2-1/2"]
[WhiteElo "2278"]
[BlackElo "2558"]
[PlyCount "186"]
[EventDate "2023.09.19"]
[EventType "swiss (blitz)"]
[EventRounds "11"]
[EventCountry "USA"]
[SourceTitle "EXT 2024"]
[Source "ChessBase"]
[SourceDate "2023.10.10"]
[SourceVersion "1"]
[SourceVersionDate "2023.10.10"]
[SourceQuality "1"]

1. Nf3 d5 2. d4 Nf6 3. c4 e6 4. Nc3 Nbd7 5. Bg5 h6 6. Bh4 Be7 7. e3 0-0 8. cxd5 Nxd5 9. Bxe7 Qxe7 10. Nxd5 exd5 11. Bd3 c6 12. 0-0 Nf6 13. Ne5 Be6 14. a3 a5 15. h3 Ne4 16. Qc2 Nd6 17. b4 Rfd8 18. Qc5 Qg5 19. f4 Qh4 20. f5 Bc8 21. Rf4 Qg3 22. Rf3 Qg5 23. Raf1 axb4 24. axb4 Ra2 25. g4 Qh4 26. Bb1 Re2 27. Bd3 Ra2 28. b5 h5 29. bxc6 hxg4 30. Nxg4 bxc6 31. Bb1 Re2 32. Bd3 Ra2 33. Bb1 Re2 34. Qxc6 Bxf5 35. Bxf5 Nxf5 36. Qb5 Rd2 37. Qa5 Re2 38. Qa6 Rd2 39. Qa5 Re2 40. Qc7 Rf8 41. Rxf5 Qxh3 42. Nf2 Qxe3 43. Qe5 Qd2 44. Qg3 g6 45. Rf4 Re3 46. Rf3 Re2 47. Rd3 Qb2 48. Qg2 Rfe8 49. Rf3 Re1 50. Rxe1 Rxe1+ 51. Kh2 Re2 52. Qg3 Qxd4 53. Qb8+ Kg7 54. Qg3 Qe5 55. Qxe5+ Rxe5 56. Kg2 d4 57. Rd3 Rd5 58. Kf3 f5 59. Nd1 Kf6 60. Nc3 Rd8 61. Nb5 Ke5 62. Rd1 Rd5 63. Na3 d3 64. Ke3 f4+ 65. Kf3 g5 66. Re1+ Kd4 67. Nb1 Rb5 68. Re4+ Kc5 69. Nd2 Rb2 70. Nc4 Rc2 71. Na3 Ra2 72. Nc4 Rc2 73. Na3 Rc3 74. Nb1 Rb3 75. Nd2 Ra3 76. Re5+ Kd4 77. Rxg5 Ra2 78. Nb3+ Kc3 79. Nc5 d2 80. Ne4+ Kc2 81. Rc5+ Kb1 82. Ke2 Rc2 83. Rb5+ Kc1 84. Nxd2 Rxd2+ 85. Kf3 Rd4 86. Re5 Kd2 87. Re2+ Kd3 88. Re8 Rd6 89. Kxf4 Rd4+ 90. Kf3 Rd5 91. Re1 Kd4 92. Rd1+ Kc5 93. Rxd5+ Kxd5 1/2-1/2

[Event "Titled Tuesday intern op 19th Sep Early"]
[Site "Chess.com INT"]
[Date "2023.09.19"]
[Round "6"]
[White "Cherniaiev, Tykhon"]
[Black "Ning, Kaiyu"]
[Result "1-0"]
[WhiteElo "2278"]
[BlackElo "2308"]
[PlyCount "167"]
[EventDate "2023.09.19"]
[EventType "swiss (blitz)"]
[EventRounds "11"]
[EventCountry "USA"]
[SourceTitle "EXT 2024"]
[Source "ChessBase"]
[SourceDate "2023.10.10"]
[SourceVersion "1"]
[SourceVersionDate "2023.10.10"]
[SourceQuality "1"]

1. Nf3 d5 2. d4 Bf5 3. Bf4 Nf6 4. e3 e6 5. Bd3 Bd6 6. Bg3 0-0 7. 0-0 Ne4 8. Nbd2 Nxg3 9. hxg3 Bxd3 10. cxd3 Nd7 11. a3 e5 12. dxe5 Nxe5 13. Nxe5 Bxe5 14. d4 Bd6 15. Qb3 Qg5 16. Nf3 Qf5 17. Rac1 Rab8 18. Rfe1 a6 19. Ne5 c6 20. Nf3 Rfe8 21. Qc2 Qg4 22. Qe2 h5 23. Nh4 Qg5 24. Qf3 g6 25. Rcd1 Re4 26. Qe2 Rbe8 27. Nf3 Qf6 28. Qc2 g5 29. Nd2 R4e6 30. e4 Qxd4 31. Nf3 Qf6 32. exd5 cxd5 33. Rxe6 fxe6 34. Qb3 Re7 35. Qb6 Rd7 36. b4 g4 37. Nh4 Bf8 38. b5 axb5 39. Qxb5 Rf7 40. Qb6 Kh7 41. Re1 Re7 42. Qd6 Re8 43. Qc7+ Qe7 44. Qe5 Qf7 45. Rc1 Bg7 46. Rc7 Bxe5 47. Rxf7+ Kg8 48. Rxb7 Rb8 49. Re7 Bd4 50. Rxe6 Rb1+ 51. Kh2 Bxf2 52. Nf5 Bg1+ 53. Kh1 Bc5+ 54. Kh2 Bg1+ 55. Kh1 Bc5+ 56. Kh2 Bxa3 57. Re5 Bc5 58. Rxd5 Bg1+ 59. Kh1 Kf7 60. Nh4 Bf2+ 61. Kh2 Rb3 62. Rf5+ Kg7 63. Rxf2 Ra3 64. Rf5 Ra2 65. Rxh5 Ra3 66. Rg5+ Kf6 67. Rxg4 Rb3 68. Rf4+ Kg5 69. Kh3 Ra3 70. Rf5+ Kh6 71. Kg4 Ra4+ 72. Rf4 Ra3 73. Rf6+ Kg7 74. Rb6 Kf7 75. Nf5 Ra4+ 76. Kg5 Ra5 77. Rb7+ Kf8 78. g4 Ra6 79. Kh5 Ra5 80. g3 Ra6 81. g5 Ra5 82. g4 Ra6 83. g6 Ke8 84. g7 1-0

[Event "Warsaw Szansa blitz op"]
[Site "Warsaw"]
[Date "2023.09.16"]
[Round "5"]
[White "Cherniaiev, Tykhon"]
[Black "Nasuta, Grzegorz"]
[Result "1/2-1/2"]
[WhiteElo "2278"]
[BlackElo "2579"]
[PlyCount "93"]
[EventDate "2023.09.16"]
[EventType "swiss (blitz)"]
[EventRounds "13"]
[EventCountry "POL"]
[SourceTitle "EXT 2024"]
[Source "ChessBase"]
[SourceDate "2023.10.10"]
[SourceVersion "1"]
[SourceVersionDate "2023.10.10"]
[SourceQuality "1"]

1. Nf3 d5 2. d4 Nf6 3. c4 c6 4. e3 Bf5 5. Bd3 Bg6 6. 0-0 e6 7. Qc2 Nbd7 8. Nbd2 Bb4 9. e4 dxe4 10. Nxe4 0-0 11. Bg5 Be7 12. Rfe1 Nxe4 13. Bxe7 Qxe7 14. Bxe4 Bxe4 15. Qxe4 Qd6 16. Rad1 Rad8 17. Qc2 Qc7 18. h3 h6 19. a3 Qa5 20. Re3 Nf6 21. Ne5 c5 22. dxc5 Qxc5 23. Rxd8 Rxd8 24. Nf3 Qd6 25. Qc3 Qd1+ 26. Re1 Qd3 27. Qa5 a6 28. Qb6 Qd7 29. Ne5 Qc8 30. c5 Nd7 31. Nxd7 Rxd7 32. Rc1 Qd8 33. Qxd8+ Rxd8 34. c6 bxc6 35. Rxc6 a5 36. Rb6 Rd2 37. a4 Kh7 38. Rb5 Kg6 39. Rxa5 Rxb2 40. Rb5 Ra2 41. a5 f6 42. f4 Kf7 43. Rb7+ Kg6 44. Rb5 Kf7 45. h4 f5 46. Kh2 Ra3 47. g3 1/2-1/2

[Event "Warsaw Szansa blitz op"]
[Site "Warsaw"]
[Date "2023.09.16"]
[Round "3"]
[White "Cherniaiev, Tykhon"]
[Black "Pires, Emanuel Joao Robart"]
[Result "1-0"]
[WhiteElo "2278"]
[BlackElo "1953"]
[PlyCount "113"]
[EventDate "2023.09.16"]
[EventType "swiss (blitz)"]
[EventRounds "13"]
[EventCountry "POL"]
[SourceTitle "EXT 2024"]
[Source "ChessBase"]
[SourceDate "2023.10.10"]
[SourceVersion "1"]
[SourceVersionDate "2023.10.10"]
[SourceQuality "1"]

1. Nf3 d5 2. d4 c6 3. c4 Nf6 4. e3 g6 5. Bd3 Bg7 6. Nbd2 0-0 7. 0-0 dxc4 8. Nxc4 Nbd7 9. Bd2 Nb6 10. Ba5 Bg4 11. h3 Be6 12. Rc1 Bd5 13. Nfd2 Qe8 14. Bxb6 axb6 15. Nxb6 Rxa2 16. Nxd5 Nxd5 17. Qb3 Ra7 18. Bc4 e6 19. Ne4 Qb8 20. Nc5 Rd8 21. Ra1 b5 22. Bxd5 Rxd5 23. Rxa7 Qxa7 24. Rc1 Bf8 25. Ne4 Be7 26. Rxc6 Qa5 27. Rc1 h5 28. Nc3 Rg5 29. f4 Rf5 30. g4 hxg4 31. hxg4 b4 32. gxf5 bxc3 33. fxe6 Qf5 34. exf7+ Kg7 35. Qb7 Qg4+ 36. Qg2 cxb2 37. Rb1 Qe6 38. Qe2 Ba3 39. Kf2 Qh3 40. Qf3 Qh2+ 41. Qg2 Qh4+ 42. Ke2 Kxf7 43. Qb7+ Kg8 44. Qa8+ Bf8 45. Qa2+ Kh8 46. Qxb2 Qh2+ 47. Kd3 Qh3 48. Qb5 Qg2 49. Qe5+ Bg7 50. Qe4 Qf2 51. Rh1+ Kg8 52. Qe8+ Bf8 53. Qxg6+ Bg7 54. Qe6+ Kf8 55. Rb1 Bxd4 56. Rb8+ Kg7 57. Rg8+ 1-0

[Event "Warsaw Szansa blitz op"]
[Site "Warsaw"]
[Date "2023.09.16"]
[Round "7"]
[White "Cherniaiev, Tykhon"]
[Black "Smieszek, Wojciech"]
[Result "1-0"]
[WhiteElo "2278"]
[BlackElo "2118"]
[PlyCount "51"]
[EventDate "2023.09.16"]
[EventType "swiss (blitz)"]
[EventRounds "13"]
[EventCountry "POL"]
[SourceTitle "EXT 2024"]
[Source "ChessBase"]
[SourceDate "2023.10.10"]
[SourceVersion "1"]
[SourceVersionDate "2023.10.10"]
[SourceQuality "1"]

1. Nf3 Nf6 2. d4 c5 3. c4 cxd4 4. Nxd4 e5 5. Nf3 Nc6 6. Nc3 Bb4 7. g3 d5 8. cxd5 Nxd5 9. Bd2 Nxc3 10. bxc3 Bc5 11. Bg2 e4 12. Ng5 f5 13. h4 Qe7 14. Qb3 h6 15. Nh3 e3 16. fxe3 Bxe3 17. Nf4 Bxd2+ 18. Kxd2 Bd7 19. Rad1 0-0-0 20. Kc2 g5 21. hxg5 hxg5 22. Rxh8 Rxh8 23. Ng6 Qxe2+ 24. Rd2 Qe8 25. Nxh8 Qxh8 26. Rxd7 1-0

[Event "Warsaw Szansa blitz op"]
[Site "Warsaw"]
[Date "2023.09.16"]
[Round "4"]
[White "Sieciechowicz, Marcin"]
[Black "Cherniaiev, Tykhon"]
[Result "1/2-1/2"]
[WhiteElo "2398"]
[BlackElo "2278"]
[PlyCount "81"]
[EventDate "2023.09.16"]
[EventType "swiss (blitz)"]
[EventRounds "13"]
[EventCountry "POL"]
[SourceTitle "EXT 2024"]
[Source "ChessBase"]
[SourceDate "2023.10.10"]
[SourceVersion "1"]
[SourceVersionDate "2023.10.10"]
[SourceQuality "1"]

1. d4 Nf6 2. c4 e6 3. Nc3 d5 4. cxd5 exd5 5. Bg5 Be7 6. e3 c6 7. Bd3 h6 8. Bf4 0-0 9. h3 Bd6 10. Bxd6 Qxd6 11. Nf3 Be6 12. Qb3 Qc7 13. 0-0 Nbd7 14. Rac1 a5 15. Ne2 Rfe8 16. Nf4 Nf8 17. Ne5 N6d7 18. Nxe6 Nxe6 19. f4 f6 20. f5 Nec5 21. dxc5 Rxe5 22. e4 Kh8 23. exd5 Rxd5 24. Bc4 Rxc5 25. Be6 Rxc1 26. Rxc1 Ne5 27. Rd1 b5 28. Rd2 Rd8 29. Qd1 Rxd2 30. Qxd2 Qa7+ 31. Kh2 Qc7 32. Kg1 a4 33. Qd4 Kh7 34. a3 Qa5 35. Kh2 Qc7 36. Kg1 Qa5 37. Kh2 Qe1 38. Qd8 Nf3+ 39. gxf3 Qf2+ 40. Kh1 Qf1+ 41. Kh2 1/2-1/2

[Event "Titled Tuesday intern op 12th Sep Early"]
[Site "Chess.com INT"]
[Date "2023.09.12"]
[Round "6"]
[White "Cherniaiev, Tykhon"]
[Black "Kamsky, Gata"]
[Result "0-1"]
[WhiteElo "2278"]
[BlackElo "2641"]
[PlyCount "128"]
[EventDate "2023.09.12"]
[EventType "swiss (blitz)"]
[EventRounds "11"]
[EventCountry "USA"]
[SourceTitle "EXT 2024"]
[Source "ChessBase"]
[SourceDate "2023.10.10"]
[SourceVersion "1"]
[SourceVersionDate "2023.10.10"]
[SourceQuality "1"]

1. Nf3 Nf6 2. d4 d5 3. c4 c6 4. e3 Bf5 5. Bd3 Bg6 6. Qc2 e6 7. Nbd2 Nbd7 8. 0-0 Be7 9. e4 dxe4 10. Nxe4 Nxe4 11. Bxe4 Nf6 12. Bxg6 hxg6 13. b3 Qa5 14. Re1 Qf5 15. Qxf5 gxf5 16. Bb2 Rd8 17. Rad1 0-0 18. Ne5 Rfe8 19. f3 Nd7 20. Kf2 Bb4 21. Rf1 f6 22. Nd3 Bd6 23. Rfe1 Kf7 24. Re2 g6 25. Rde1 c5 26. dxc5 Nxc5 27. Nxc5 Bxc5+ 28. Kf1 e5 29. Rc2 e4 30. fxe4 fxe4 31. Rce2 f5 32. g4 Rd3 33. gxf5 gxf5 34. Rg2 Rg8 35. Rxg8 Kxg8 36. Re2 Kf7 37. Rg2 f4 38. Rg7+ Ke6 39. Rg5 Rf3+ 40. Ke1 Re3+ 41. Kf1 b6 42. h4 Rf3+ 43. Ke1 e3 44. Rg2 Rh3 45. Rg5 f3 46. Re5+ Kd7 47. Kd1 Rh1+ 48. Kc2 f2 49. Rf5 f1Q 50. Rxf1 Rxf1 51. Kd3 Rd1+ 52. Ke4 e2 53. Bc3 e1Q+ 54. Bxe1 Rxe1+ 55. Kd3 Rh1 56. Kc3 Rh3+ 57. Kb2 Rxh4 58. a3 Rh2+ 59. Ka1 Bxa3 60. Kb1 Kd6 61. Ka1 Kc5 62. Kb1 Kb4 63. Ka1 Kxb3 64. Kb1 Rh1# 0-1

[Event "Titled Tuesday intern op 12th Sep Early"]
[Site "Chess.com INT"]
[Date "2023.09.12"]
[Round "3"]
[White "Nepomniachtchi, Ian"]
[Black "Cherniaiev, Tykhon"]
[Result "1-0"]
[WhiteElo "2771"]
[BlackElo "2278"]
[PlyCount "77"]
[EventDate "2023.09.12"]
[EventType "swiss (blitz)"]
[EventRounds "11"]
[EventCountry "USA"]
[SourceTitle "EXT 2024"]
[Source "ChessBase"]
[SourceDate "2023.10.10"]
[SourceVersion "1"]
[SourceVersionDate "2023.10.10"]
[SourceQuality "1"]

1. e4 e5 2. Nf3 Nc6 3. Bc4 Bc5 4. c3 Nf6 5. d3 d6 6. 0-0 a5 7. Bb5 Bd7 8. Re1 Ba7 9. a4 h6 10. Nbd2 Ne7 11. d4 c6 12. Bd3 Ng6 13. Nf1 Bg4 14. Be3 Qe7 15. h3 Bxf3 16. Qxf3 Nh7 17. Ng3 Ng5 18. Qg4 0-0 19. Nf5 Qf6 20. Rad1 Ne6 21. Bb1 Rfd8 22. h4 Kh8 23. g3 Ne7 24. Ba2 exd4 25. cxd4 d5 26. Nxe7 Qxe7 27. e5 Nf8 28. Bb1 c5 29. Kg2 cxd4 30. Bg5 hxg5 31. hxg5 g6 32. Qh4+ Kg8 33. Re2 Nh7 34. Rh1 Qxg5 35. Qxh7+ Kf8 36. e6 fxe6 37. Rxe6 d3 38. Rxg6 Qf5 39. Rg8# 1-0